Statistics for Pictures by Letter - G

Click here to take the quiz!

General Stats

  • This quiz has been taken 21,811 times
  • The average score is 11 of 16

Answer Stats

Answer% Correct
Galaxy
96%
Gladiator
83%
Guard
82%
Gargoyle
80%
Gecko
79%
Geyser
77%
Geisha
74%
Greece
74%
Gavel
70%
Georgia
65%
Goth
58%
Griffin
57%
Gisele
50%
Ganesha
49%
Groucho
41%
Ginseng
22%

Score Distribution

Percentile by Number Answered

Percent of People with Each Score

Your Score History

You have not taken this quiz